[Event "GER-chT U14 Girls"]
[Site "Magdeburg"]
[Date "2012.12.28"]
[Round "3.3"]
[White "Berdin, Victoria"]
[Black "Hendus, Isabelle"]
[Result "1-0"]
[WhiteElo "1382"]
[BlackElo "1290"]
[PlyCount "111"]
[EventDate "2012.12.27"]
[EventType "team-swiss"]
[EventRounds "7"]
[EventCountry "GER"]
[SourceTitle "EXT 2014"]
[Source "ChessBase"]
[SourceDate "2013.11.20"]
[SourceVersion "1"]
[SourceVersionDate "2013.11.20"]
[SourceQuality "1"]
[WhiteTeam "Berlin Empor"]
[BlackTeam "Breitenworbis"]
[WhiteTeamCountry "GER"]
[BlackTeamCountry "GER"]

1. e4 e5 2. Nf3 d6 3. Bc4 Be7 4. d3 Nf6 5. Nc3 0-0 6. Be3 c6 7. Ne2 b5 8. Bb3 Ng4 9. Qd2 Nxe3 10. Qxe3 Nd7 11. Ng3 Nf6 12. 0-0 Bd7 13. c3 a5 14. h3 a4 15. Bc2 h6 16. b3 Qa5 17. b4 Qc7 18. Nh4 Nh5 19. Nhf5 Bg5 20. Qf3 Nxg3 21. fxg3 Bf6 22. a3 Be6 23. g4 Rad8 24. Nxh6+ Kh7 25. Nf5 c5 26. g5 Be7 27. Qh5+ Kg8 28. g6 fxg6 29. Qxg6 Bxf5 30. exf5 Rf6 31. Qg4 cxb4 32. Qxb4 Qc5+ 33. Qxc5 dxc5 34. Rab1 c4 35. Rxb5 cxd3 36. Bxa4 e4 37. Re5 Rc8 38. Rxe7 Rxc3 39. Rxe4 Rxa3 40. Rd4 Ra6 41. Bb5 Rb6 42. Bxd3 Kf7 43. Bc4+ Kf6 44. Rg4 Rb2 45. Rg6+ Ke7 46. Rxg7+ Kf6 47. Rg6+ Ke7 48. Be6 Rd3 49. Rf3 Rd8 50. h4 Rbb8 51. h5 Rh8 52. h6 Rbf8 53. Rh3 Rf6 54. Rxf6 Kxf6 55. Rh5 Rh7 56. g4 1-0

[Event "GER-ch U10"]
[Site "Willingen"]
[Date "2009.06.06"]
[Round "11"]
[White "Berdin, Victoria"]
[Black "Kollars, Dmitrij"]
[Result "0-1"]
[WhiteElo "1137"]
[BlackElo "1465"]
[PlyCount "108"]
[EventDate "2009.05.30"]
[EventType "swiss"]
[EventRounds "11"]
[EventCountry "GER"]
[SourceTitle "EXT 2010"]
[Source "ChessBase"]
[SourceDate "2010.11.25"]
[SourceVersion "1"]
[SourceVersionDate "2010.11.25"]
[SourceQuality "1"]

1. e4 c5 2. c3 d5 3. exd5 Qxd5 4. d4 Nf6 5. Nf3 Bg4 6. Be2 cxd4 7. Nxd4 Qxg2 8. Bf3 Bxf3 9. Qxf3 Qxf3 10. Nxf3 Nc6 11. Bf4 0-0-0 12. Nbd2 e6 13. Ng5 Rd7 14. 0-0-0 h6 15. Ngf3 Nd5 16. Bg3 b5 17. Nb3 a6 18. Nbd4 Nxd4 19. Rxd4 Bc5 20. Rd2 Nb6 21. b4 Rxd2 22. Nxd2 Be7 23. Ne4 Rd8 24. Nc5 Bxc5 25. bxc5 Nc4 26. c6 Nd6 27. Rg1 g6 28. Be5 Kc7 29. Bf6 Rc8 30. Be5 Kxc6 31. Bxd6 Kxd6 32. Rd1+ Ke7 33. Kb2 Rd8 34. Rf1 Rd2+ 35. Kb3 Kd6 36. h4 Rd3 37. f3 a5 38. a3 Kc5 39. h5 g5 40. Re1 a4+ 41. Kc2 Rxf3 42. Re5+ Kb6 43. Kb2 Rf2+ 44. Kc1 Ra2 45. Re4 Rh2 46. c4 bxc4 47. Rxc4 Kb5 48. Rc7 f5 49. Re7 Rxh5 50. Rxe6 f4 51. Re5+ Kc4 52. Re2 Kb3 53. Kb1 Rh1+ 54. Re1 Rxe1# 0-1